[Event "Festival A"]
[Site "Desenzano del Garda ITA"]
[Date "2009.06.09"]
[Round "4"]
[White "Vezzani, Stefano"]
[Black "Bruno, Fabio"]
[Result "0-1"]
[WhiteElo "2176"]
[BlackElo "2441"]
[PlyCount "126"]
[EventDate "2009.06.06"]

1. e4 c5 2. c4 e6 3. Nc3 d6 4. g3 Nc6 5. Bg2 g6 6. Nge2 Bg7 7. d3 Nge7 8. Rb1
O-O 9. O-O b6 10. a3 Bb7 11. b4 Qd7 12. Be3 Rac8 13. Qd2 Rfe8 14. f4 Ba8 15.
Bf2 f5 16. bxc5 dxc5 17. e5 Na5 18. Bxa8 Rxa8 19. Rfd1 Rad8 20. Qe3 Qc6 21. Rb5
Nb7 22. a4 a6 23. Rb2 Na5 24. Rdb1 Nc8 25. Nc1 g5 26. fxg5 Qc7 27. Re2 Nc6 28.
a5 Nd4 29. axb6 Nxb6 30. Reb2 Nd7 31. Kf1 Rb8 32. Rxb8 Rxb8 33. Rxb8+ Qxb8 34.
N3e2 Qb2 35. g6 hxg6 36. Nxd4 cxd4 37. Qg5 Nxe5 38. Qd8+ Bf8 39. Ne2 Qb1+ 40.
Kg2 Qxd3 41. Nxd4 Qe4+ 42. Kf1 Qb1+ 43. Kg2 Qb7+ 44. Kf1 Kf7 45. Nxe6 Kxe6 46.
Qxf8 Qb1+ 47. Kg2 Qe4+ 48. Kh3 Qg4+ 49. Kg2 Qxc4 50. Qg8+ Kd6 51. Qb8+ Qc7 52.
Qf8+ Kd5 53. Qg8+ Ke4 54. Qb3 Qc4 55. Qb8 Kd5 56. Qb6 Qc6 57. Qd8+ Ke6+ 58. Kh3
Nf7 59. Qd2 g5 60. Qe2+ Kf6 61. Bd4+ Kg6 62. Qa2 g4+ 63. Kh4 Ng5 0-1

[Event "Festival A"]
[Site "Desenzano del Garda ITA"]
[Date "2009.06.09"]
[Round "4"]
[White "Yakovich, Yuri"]
[Black "Vocaturo, Daniele"]
[Result "1-0"]
[WhiteElo "2569"]
[BlackElo "2480"]
[PlyCount "99"]
[EventDate "2009.06.06"]

1. d4 Nf6 2. c4 g6 3. g3 Bg7 4. Bg2 O-O 5. Nc3 d6 6. Nf3 Nbd7 7. O-O e5 8. e4
c6 9. h3 Qb6 10. c5 dxc5 11. dxe5 Ne8 12. e6 fxe6 13. Ng5 Ne5 14. f4 Nf7 15.
Nxf7 Bd4+ 16. Kh2 Rxf7 17. e5 Qc7 18. Ne4 b6 19. Qf3 Bb7 20. Qg4 Rf5 21. Rd1
Rd8 22. Qe2 Qe7 23. Be3 Rf8 24. Rac1 Kh8 25. Rd2 Bxe3 26. Qxe3 Rxd2 27. Qxd2
Nc7 28. Nd6 Nd5 29. a3 Ba8 30. h4 Rd8 31. Qe2 Nc7 32. h5 Ne8 33. Ne4 gxh5 34.
Qxh5 Ng7 35. Qh6 Nf5 36. Qf6+ Qxf6 37. exf6 Bb7 38. g4 Nh6 39. g5 Nf7 40. Bf3
Rd4 41. Re1 Kg8 42. Bh5 Kf8 43. Kg3 Ba6 44. Nf2 Bc4 45. Bxf7 Kxf7 46. Ng4 Bd5
47. Ne5+ Kf8 48. Re2 c4 49. g6 Be4 50. Rxe4 1-0

[Event "Festival A"]
[Site "Desenzano del Garda ITA"]
[Date "2009.06.10"]
[Round "5"]
[White "Abasov, Nijat Azad Oglu"]
[Black "Codenotti, Marco"]
[Result "1-0"]
[WhiteElo "2486"]
[BlackElo "2035"]
[PlyCount "55"]
[EventDate "2009.06.06"]

1. e4 c5 2. Nf3 e6 3. c3 Qa5 4. d4 cxd4 5. Nxd4 a6 6. Bd3 d5 7. b4 Qd8 8. O-O
Ne7 9. Nd2 Nec6 10. Nxc6 bxc6 11. exd5 cxd5 12. Nb3 Qc7 13. Be3 Bd6 14. Qh5 Nd7
15. Bd4 e5 16. Rfe1 g6 17. Qh6 Be7 18. Qg7 Rf8 19. Bxe5 Nxe5 20. Rxe5 Be6 21.
Nc5 Bxc5 22. Rxe6+ Be7 23. Re3 Qd6 24. Rae1 Kd7 25. a4 d4 26. cxd4 Qxb4 27. d5
h5 28. g3 1-0

[Event "Festival A"]
[Site "Desenzano del Garda ITA"]
[Date "2009.06.10"]
[Round "5"]
[White "Bentivegna, Francesco"]
[Black "Bertani, Gianfranco"]
[Result "1-0"]
[WhiteElo "2326"]
[BlackElo "2102"]
[PlyCount "47"]
[EventDate "2009.06.06"]

1. e4 c5 2. c3 e6 3. d4 b6 4. Nf3 Bb7 5. Bd3 Nf6 6. Qe2 cxd4 7. cxd4 d5 8. e5
Ne4 9. Nbd2 Bb4 10. O-O Nxd2 11. Nxd2 Nc6 12. Qg4 g6 13. Nf3 h5 14. Qf4 Be7 15.
h4 Nb4 16. Bb5+ Bc6 17. Be2 Qd7 18. Bd2 Bb5 19. Bxb5 Qxb5 20. Ng5 Bxg5 21. Qxg5
Kd7 22. Qf4 Rh7 23. a4 Qc4 24. b3 1-0

[Event "Festival A"]
[Site "Desenzano del Garda ITA"]
[Date "2009.06.10"]
[Round "5"]
[White "Bodiroga, Predrag"]
[Black "Korneev, Oleg"]
[Result "1/2-1/2"]
[WhiteElo "2422"]
[BlackElo "2587"]
[PlyCount "66"]
[EventDate "2009.06.06"]

1. d4 d5 2. c4 dxc4 3. Nf3 Nf6 4. e3 Bg4 5. Bxc4 e6 6. Nc3 Nbd7 7. h3 Bh5 8.
O-O c6 9. Be2 Be7 10. b3 O-O 11. Bb2 Nd5 12. Qd2 a5 13. Rfd1 h6 14. Ne1 Bxe2
15. Qxe2 Bb4 16. Rac1 Qe7 17. Nd3 Bxc3 18. Bxc3 Nxc3 19. Rxc3 Rfd8 20. Qh5 a4
21. b4 e5 22. dxe5 Nxe5 23. Nxe5 Rxd1+ 24. Qxd1 Qxe5 25. Qd2 Qf6 26. Rd3 Qa1+
27. Kh2 c5 28. bxc5 Qe5+ 29. f4 Qxc5 30. Rd5 Qc4 31. Rd4 Qc5 32. Rd5 Qc4 33.
Rd4 Qc5 1/2-1/2

[Event "Festival A"]
[Site "Desenzano del Garda ITA"]
[Date "2009.06.10"]
[Round "5"]
[White "Bruno, Fabio"]
[Black "Matseyko, Katerina"]
[Result "1-0"]
[WhiteElo "2441"]
[BlackElo "2241"]
[PlyCount "55"]
[EventDate "2009.06.06"]

1. Nf3 Nf6 2. c4 c5 3. g3 Nc6 4. Bg2 e6 5. O-O Be7 6. b3 d5 7. e3 d4 8. exd4
cxd4 9. Re1 Nd7 10. d3 e5 11. Na3 O-O 12. Nc2 f5 13. b4 Bf6 14. b5 Ne7 15. Ba3
Re8 16. Bd6 Ng6 17. c5 Be7 18. Bxe7 Rxe7 19. c6 bxc6 20. Nb4 Nb8 21. Ng5 a5 22.
Nxc6 Nxc6 23. Bxc6 Bb7 24. Qb3+ Kh8 25. Nf7+ Rxf7 26. Qxf7 Bxc6 27. bxc6 Rc8
28. Qd7 1-0

[Event "Festival A"]
[Site "Desenzano del Garda ITA"]
[Date "2009.06.10"]
[Round "5"]
[White "De Paoli, Emilio"]
[Black "Malaniuk, Vladimir P."]
[Result "0-1"]
[WhiteElo "1967"]
[BlackElo "2523"]
[PlyCount "40"]
[EventDate "2009.06.06"]

1. e4 e5 2. Nf3 Nc6 3. d4 exd4 4. Nxd4 Bc5 5. Nb3 Bb6 6. Nc3 Nf6 7. Bg5 h6 8.
Bh4 d6 9. a4 g5 10. Bg3 a6 11. a5 Ba7 12. h4 Rg8 13. hxg5 hxg5 14. Be2 Be6 15.
Rh6 Qe7 16. Nd5 Bxd5 17. exd5 Ne5 18. f3 Nc4 19. Nd4 Ne3 20. Qd3 Bxd4 0-1

[Event "Festival A"]
[Site "Desenzano del Garda ITA"]
[Date "2009.06.10"]
[Round "5"]
[White "Dinter, Brian"]
[Black "Bruno, Elio"]
[Result "1-0"]
[WhiteElo "2130"]
[BlackElo "1696"]
[PlyCount "103"]
[EventDate "2009.06.06"]

1. d4 Nf6 2. Nf3 g6 3. Bf4 Bg7 4. e3 O-O 5. h3 d5 6. Be2 Bf5 7. O-O a6 8. c4
Nc6 9. Nc3 Rc8 10. Rc1 dxc4 11. Bxc4 b5 12. Be2 Nb4 13. a4 c6 14. g4 Be6 15. e4
h6 16. Ra1 g5 17. Bd2 c5 18. d5 Bd7 19. axb5 axb5 20. Re1 Qc7 21. Bxb5 Bxb5 22.
Nxb5 Qb6 23. Bxb4 cxb4 24. Nbd4 Nd7 25. Nc6 Rfe8 26. Ra4 Ra8 27. Rxb4 Qa6 28.
Rb3 Qa2 29. Rb7 Nc5 30. Rxe7 Rxe7 31. Nxe7+ Kf8 32. Nc6 Qxb2 33. Qe2 Qb3 34.
Qe3 Qxe3 35. Rxe3 Ra1+ 36. Kg2 Ke8 37. e5 Kd7 38. Nfd4 Rd1 39. Kf3 Rh1 40. Ke2
Ra1 41. Nf5 Bf8 42. Ncd4 Ra2+ 43. Kf3 Ra1 44. e6+ fxe6 45. dxe6+ Nxe6 46. Nxe6
Bb4 47. Nxh6 Rh1 48. Kg2 Rc1 49. Nxg5 Rc2 50. Nf5 Bc5 51. Rd3+ Kc7 52. Ne6+ 1-0

[Event "Festival A"]
[Site "Desenzano del Garda ITA"]
[Date "2009.06.10"]
[Round "5"]
[White "Doluhanova, Evgeniya"]
[Black "Tiengo, Davide"]
[Result "1-0"]
[WhiteElo "2240"]
[BlackElo "2070"]
[PlyCount "47"]
[EventDate "2009.06.06"]

1. e4 c5 2. Na3 Nc6 3. Bb5 e6 4. Nf3 Nd4 5. O-O Nxb5 6. Nxb5 a6 7. Nc3 d6 8. d4
Be7 9. dxc5 dxc5 10. Qe2 Nf6 11. e5 Nd7 12. Bf4 h6 13. Rad1 Qb6 14. Ne4 Qxb2
15. Nd6+ Bxd6 16. Rxd6 Qxa2 17. Rfd1 Qa4 18. c4 Rb8 19. Qd3 O-O 20. Nh4 Kh8 21.
Bxh6 gxh6 22. Qe3 Kg8 23. Qxh6 Re8 24. R6d3 1-0

[Event "Festival A"]
[Site "Desenzano del Garda ITA"]
[Date "2009.06.10"]
[Round "5"]
[White "Dvirnyy, Danyyil"]
[Black "Ranfagni, Stefano"]
[Result "1-0"]
[WhiteElo "2459"]
[BlackElo "2052"]
[PlyCount "39"]
[EventDate "2009.06.06"]

1. e4 e5 2. Nf3 Nf6 3. Nxe5 d6 4. Nf3 Nxe4 5. d4 d5 6. Bd3 Bd6 7. c4 c6 8. O-O
O-O 9. Qc2 f5 10. Nc3 Be6 11. cxd5 Bxd5 12. Nxe4 fxe4 13. Bxe4 Bxe4 14. Qxe4
Nd7 15. Qe6+ Kh8 16. Qxd6 Rf6 17. Qg3 Rg6 18. Qh4 Qf8 19. Bf4 Nf6 20. Ne5 1-0

[Event "Festival A"]
[Site "Desenzano del Garda ITA"]
[Date "2009.06.10"]
[Round "5"]
[White "Facchetti, Gianni"]
[Black "Genocchio, Daniele"]
[Result "0-1"]
[WhiteElo "2174"]
[BlackElo "2445"]
[PlyCount "52"]
[EventDate "2009.06.06"]

1. e4 Nf6 2. e5 Nd5 3. d4 d6 4. exd6 cxd6 5. Be2 g6 6. c3 Bg7 7. Nf3 O-O 8. O-O
Re8 9. Bc4 Nb6 10. Bb3 Nc6 11. Na3 Bf5 12. Nc4 Nxc4 13. Bxc4 d5 14. Bb5 Qb6 15.
Ba4 Rad8 16. Qe2 Bd7 17. Bxc6 bxc6 18. b4 c5 19. a3 Bc8 20. Re1 Ba6 21. Qc2 f6
22. Be3 Qc7 23. Qd2 Bc8 24. h3 Bf5 25. Nh4 Bc8 26. Nf3 Qb7 0-1

[Event "Festival A"]
[Site "Desenzano del Garda ITA"]
[Date "2009.06.10"]
[Round "5"]
[White "Frolyanov, Dmitry"]
[Black "Rombaldoni, Axel"]
[Result "1-0"]
[WhiteElo "2559"]
[BlackElo "2363"]
[PlyCount "67"]
[EventDate "2009.06.06"]

1. d4 f5 2. c4 Nf6 3. Nc3 e6 4. e3 d5 5. Bd3 a6 6. Qc2 dxc4 7. Bxc4 b5 8. Bb3
Bd6 9. Nf3 Qe7 10. a3 Bb7 11. Ng5 Nd5 12. e4 h6 13. exd5 hxg5 14. dxe6 g6 15.
d5 c5 16. Be3 c4 17. Ba2 Nc6 18. dxc6 Bxc6 19. O-O-O O-O-O 20. f3 g4 21. fxg4
Qxe6 22. Bg5 Rde8 23. gxf5 gxf5 24. Bb1 Rhf8 25. Qd2 Bc5 26. Rhe1 Qf7 27. Rxe8+
Rxe8 28. Rf1 f4 29. Rxf4 Qg7 30. Bf5+ Kb7 31. Be4 Ka7 32. h4 Bxe4 33. Rxe4 Rf8
34. Be3 1-0

[Event "Festival A"]
[Site "Desenzano del Garda ITA"]
[Date "2009.06.10"]
[Round "5"]
[White "Ghidinelli, Giorgio"]
[Black "Rozzi, Enzo"]
[Result "1-0"]
[WhiteElo "1843"]
[BlackElo "1499"]
[PlyCount "65"]
[EventDate "2009.06.06"]

1. d4 Nf6 2. Nf3 g6 3. Nbd2 Bg7 4. e4 d6 5. Be2 O-O 6. O-O e5 7. Re1 Nc6 8. c3
exd4 9. Nxd4 Bd7 10. Nxc6 Bxc6 11. Bf3 Nd7 12. Nc4 Ne5 13. Nxe5 Bxe5 14. g3 f5
15. exf5 Bxf3 16. Qxf3 c6 17. Qe2 Rxf5 18. f4 Bg7 19. Be3 Qc7 20. Bf2 b5 21.
Rad1 d5 22. Qe6+ Kh8 23. Bc5 Rf7 24. Re2 Bf6 25. Qg4 Rg8 26. Re6 h5 27. Qe2 a6
28. Kg2 Kg7 29. Qd3 Rh8 30. Rde1 h4 31. Bd4 hxg3 32. hxg3 Bxd4 33. Qxg6+ 1-0

[Event "Festival A"]
[Site "Desenzano del Garda ITA"]
[Date "2009.06.10"]
[Round "5"]
[White "Grabarczyk, Miroslaw"]
[Black "Efimov, Igor"]
[Result "1-0"]
[WhiteElo "2469"]
[BlackElo "2439"]
[PlyCount "79"]
[EventDate "2009.06.06"]

1. d4 d6 2. Nf3 g6 3. g3 Bg7 4. Bg2 Nd7 5. O-O e5 6. c4 Nh6 7. Nc3 O-O 8. b3
Nf5 9. e3 Re8 10. Bb2 exd4 11. exd4 Nf6 12. d5 Bd7 13. Qc2 Qe7 14. Rae1 Nd4 15.
Nxd4 Qxe1 16. Ne6 Rxe6 17. dxe6 Qxe6 18. Bxb7 Re8 19. Bg2 Qf5 20. Qd2 Ng4 21.
Nd5 Bxb2 22. Qxb2 c6 23. Nf4 a5 24. Qd2 Qc5 25. Rd1 g5 26. Nd3 Qf5 27. h3 Nf6
28. Re1 Rxe1+ 29. Nxe1 h6 30. Qxd6 Be6 31. Nd3 a4 32. Qd4 axb3 33. axb3 h5 34.
Bxc6 Nd7 35. Bg2 Qa5 36. b4 Qa4 37. Kh2 Qd1 38. c5 Nf8 39. c6 Bf5 40. c7 1-0

[Event "Festival A"]
[Site "Desenzano del Garda ITA"]
[Date "2009.06.10"]
[Round "5"]
[White "Grigore, George-Gabriel"]
[Black "Romanishin, Oleg M."]
[Result "1/2-1/2"]
[WhiteElo "2542"]
[BlackElo "2501"]
[PlyCount "40"]
[EventDate "2009.06.06"]

1. d4 Nf6 2. c4 e6 3. Nc3 Bb4 4. Qc2 d5 5. cxd5 Qxd5 6. Nf3 Qf5 7. Qb3 Nc6 8.
Bd2 a5 9. a3 a4 10. Qd1 Bxc3 11. Bxc3 b6 12. e3 Bb7 13. Bd3 Qh5 14. Qe2 O-O 15.
e4 Ne7 16. h3 Ng6 17. Bd2 e5 18. d5 Nf4 19. Bxf4 exf4 20. O-O Nd7 1/2-1/2

[Event "Festival A"]
[Site "Desenzano del Garda ITA"]
[Date "2009.06.10"]
[Round "5"]
[White "Ignacz, Maria"]
[Black "Ignacz, Rozsa"]
[Result "1/2-1/2"]
[WhiteElo "2197"]
[BlackElo "2099"]
[PlyCount "20"]
[EventDate "2009.06.06"]

1. Nf3 Nf6 2. c4 c5 3. b3 g6 4. Bb2 Bg7 5. g3 b6 6. Bg2 Bb7 7. O-O O-O 8. d3
Nc6 9. Nbd2 Rc8 10. Rc1 d6 1/2-1/2

[Event "Festival A"]
[Site "Desenzano del Garda ITA"]
[Date "2009.06.10"]
[Round "5"]
[White "Lazic, Miroljub"]
[Black "Oppici, Gabriele"]
[Result "1/2-1/2"]
[WhiteElo "2438"]
[BlackElo "2048"]
[PlyCount "89"]
[EventDate "2009.06.06"]

1. e4 Nc6 2. Nf3 d6 3. d4 Nf6 4. Nc3 Bg4 5. Be3 e6 6. Be2 Be7 7. d5 exd5 8.
exd5 Bxf3 9. Bxf3 Ne5 10. Be2 c6 11. f4 Ned7 12. Bf3 Qc7 13. O-O Nb6 14. Bd4
O-O 15. a4 Rfe8 16. Kh1 Nbxd5 17. Bxd5 Nxd5 18. Nxd5 cxd5 19. f5 Bf8 20. Rf4
Re4 21. Rxe4 dxe4 22. Qg4 Qe7 23. c4 f6 24. b3 a6 25. Re1 Re8 26. h3 Kh8 27.
Re3 Kg8 28. h4 h6 29. g3 Kh8 30. Kg2 Kg8 31. Kh3 Kh8 32. Qf4 Kg8 33. g4 b5 34.
axb5 axb5 35. cxb5 Qb7 36. b6 Qd5 37. Bc3 Qd1 38. Qf2 d5 39. Re1 Qxb3 40. Qe3
Rb8 41. Bd4 Qb5 42. Ra1 Bd6 43. g5 Qd7 44. Rf1 Ra8 45. Bc5 1/2-1/2

[Event "Festival A"]
[Site "Desenzano del Garda ITA"]
[Date "2009.06.10"]
[Round "5"]
[White "Lenic, Luka"]
[Black "Stella, Andrea"]
[Result "1-0"]
[WhiteElo "2574"]
[BlackElo "2276"]
[PlyCount "85"]
[EventDate "2009.06.06"]

1. d4 Nf6 2. c4 g6 3. Nf3 Bg7 4. b4 O-O 5. Bb2 d6 6. e3 e5 7. dxe5 Ng4 8. Qc2
Nxe5 9. Nxe5 dxe5 10. c5 Bf5 11. Qc3 a5 12. b5 Nd7 13. Nd2 b6 14. e4 Nxc5 15.
exf5 Na4 16. Qc2 Nxb2 17. Rb1 e4 18. Rxb2 gxf5 19. Be2 Qg5 20. O-O Bxb2 21.
Qxb2 Rad8 22. f4 Qg7 23. Qxg7+ Kxg7 24. Nc4 Rd5 25. a4 Rfd8 26. Kf2 Kf6 27. Rb1
Rc5 28. Ke3 Rg8 29. g3 Rd8 30. Rb2 Ke6 31. Rd2 Rcd5 32. Rc2 Rc5 33. Rd2 Rcd5
34. Rb2 Rc5 35. h3 Rg8 36. Kf2 Rd8 37. Ke3 Rg8 38. Kf2 Rd8 39. Rc2 Rd4 40. g4
e3+ 41. Kxe3 Re4+ 42. Kf3 Kd5 43. Rd2+ 1-0

[Event "Festival A"]
[Site "Desenzano del Garda ITA"]
[Date "2009.06.10"]
[Round "5"]
[White "Majeric, Zoran"]
[Black "Rota, Simone"]
[Result "1-0"]
[WhiteElo "2281"]
[BlackElo "1997"]
[PlyCount "85"]
[EventDate "2009.06.06"]

1. d4 d5 2. Nc3 Nf6 3. Bg5 Nbd7 4. Qd3 c6 5. e4 dxe4 6. Nxe4 Nxe4 7. Qxe4 Qa5+
8. Bd2 Qb6 9. O-O-O Nf6 10. Qf4 Be6 11. c4 O-O-O 12. Nf3 Ng4 13. Be1 g6 14. Kb1
Bh6 15. Qg3 Nf6 16. Qh4 Bg7 17. Ng5 Bf5+ 18. Bd3 Bxd3+ 19. Rxd3 Rhf8 20. Nf3 h6
21. Ne5 g5 22. Qh3+ Kb8 23. Rb3 Qc7 24. Ba5 b6 25. Qf3 Rc8 26. c5 Nd5 27. cxb6
axb6 28. Bxb6 Nxb6 29. Rxb6+ Qxb6 30. Nd7+ Kc7 31. Nxb6 Kxb6 32. Rc1 e6 33. h4
gxh4 34. Qb3+ Kc7 35. Qf3 Kd7 36. Rc4 f5 37. b4 Rc7 38. a4 Ra8 39. b5 Rac8 40.
b6 Rb7 41. a5 Bf8 42. d5 exd5 43. Qxf5+ 1-0

[Event "Festival A"]
[Site "Desenzano del Garda ITA"]
[Date "2009.06.10"]
[Round "5"]
[White "Salvador, Roland"]
[Black "Vuelban, Virgilio"]
[Result "1-0"]
[WhiteElo "2445"]
[BlackElo "2422"]
[PlyCount "125"]
[EventDate "2009.06.06"]

1. d4 Nf6 2. Nf3 g6 3. g3 Bg7 4. Bg2 d6 5. O-O O-O 6. Nc3 Nbd7 7. e4 e5 8. Re1
c6 9. a4 a5 10. h3 Re8 11. Be3 Qc7 12. Nd2 Nb6 13. Rb1 Ng4 14. d5 Nxe3 15. Rxe3
Bd7 16. dxc6 bxc6 17. b3 Be6 18. Rd3 Bf8 19. g4 Rad8 20. Nf1 Nd7 21. Ne3 Nc5
22. Rd2 Bc8 23. Qf3 Bg7 24. Rbd1 d5 25. Qg3 d4 26. Rxd4 Rxd4 27. Rxd4 Ne6 28.
Rd1 Qe7 29. Bf1 Nd4 30. Ne2 Bf6 31. Nxd4 exd4 32. Nc4 Rd8 33. Qf3 Bh4 34. Nxa5
Rd6 35. e5 Qxe5 36. Nc4 Qf6 37. Be2 Re6 38. Qxf6 Rxf6 39. f3 c5 40. Nb2 Re6 41.
Bc4 Re3 42. Rf1 Bb7 43. a5 Bd8 44. a6 Ba8 45. Na4 Re5 46. Rf2 Bc6 47. Nb2 Re1+
48. Rf1 Re3 49. Nd3 Bb6 50. Re1 Rxf3 51. Re7 Kf8 52. Rxf7+ Rxf7 53. Bxf7 Be4
54. Bc4 Bxd3 55. Bxd3 g5 56. Kg2 h6 57. Kf3 Ke7 58. Ke4 Kd7 59. Kf5 Kc8 60. Kg6
Ba5 61. Kxh6 Bd8 62. h4 gxh4 63. g5 1-0

[Event "Festival A"]
[Site "Desenzano del Garda ITA"]
[Date "2009.06.10"]
[Round "5"]
[White "Shoker, Samy"]
[Black "Piscopo, Pierluigi"]
[Result "1-0"]
[WhiteElo "2404"]
[BlackElo "2405"]
[PlyCount "73"]
[EventDate "2009.06.06"]

1. g3 e5 2. Bg2 Nc6 3. d3 f5 4. Nf3 Nf6 5. O-O Be7 6. c4 O-O 7. Nc3 d6 8. Rb1
a5 9. a3 Kh8 10. b4 axb4 11. axb4 Qe8 12. e3 Nd8 13. Ne1 Nf7 14. f4 Bd8 15. Nf3
c6 16. b5 Ba5 17. Qc2 Bd7 18. bxc6 bxc6 19. h3 e4 20. Nd2 exd3 21. Qxd3 Rb8 22.
Ba3 Qe7 23. Kh2 Rfe8 24. Rxb8 Rxb8 25. Ra1 Qd8 26. Rc1 Bb4 27. Bb2 Bc5 28. Ba1
Nh6 29. Bf3 Qe8 30. Re1 Ra8 31. Bb2 Rb8 32. Na4 Bb4 33. Re2 d5 34. Bxf6 gxf6
35. Nc3 Rd8 36. cxd5 cxd5 37. Nxd5 1-0

[Event "Festival A"]
[Site "Desenzano del Garda ITA"]
[Date "2009.06.10"]
[Round "5"]
[White "Stella, Luca"]
[Black "Bolico, Exfelicos"]
[Result "0-1"]
[WhiteElo "1942"]
[BlackElo "2194"]
[PlyCount "54"]
[EventDate "2009.06.06"]

1. e4 c5 2. Nf3 d6 3. d4 cxd4 4. Nxd4 Nf6 5. Nc3 g6 6. Be3 Bg7 7. f3 O-O 8. Qd2
Nc6 9. O-O-O Bd7 10. g4 Qa5 11. Nb3 Qd8 12. Bh6 Ne5 13. Be2 Rc8 14. h4 Bxh6 15.
Qxh6 Rxc3 16. bxc3 Qc7 17. Qe3 a5 18. h5 a4 19. Nd2 Rc8 20. hxg6 fxg6 21. g5
Nh5 22. f4 Nxf4 23. Bc4+ Be6 24. Bxe6+ Nxe6 25. Rxh7 Nxg5 26. Qxg5 Qxc3 27. Nc4
Rxc4 0-1

[Event "Festival A"]
[Site "Desenzano del Garda ITA"]
[Date "2009.06.10"]
[Round "5"]
[White "Sveshnikov, Vladimir"]
[Black "Mettifogo, Claudio Francesco"]
[Result "1-0"]
[WhiteElo "2385"]
[BlackElo "1440"]
[PlyCount "43"]
[EventDate "2009.06.06"]

1. e4 e6 2. d4 d5 3. e5 c5 4. c3 Bd7 5. Nf3 Nc6 6. Be2 Qb6 7. O-O Nh6 8. dxc5
Bxc5 9. b4 Be7 10. Bxh6 gxh6 11. Qc1 Bf8 12. Qf4 Rg8 13. Nbd2 Rg7 14. a3 O-O-O
15. c4 Be7 16. b5 Nb8 17. cxd5 Rdg8 18. Rac1+ Kd8 19. d6 Rxg2+ 20. Kh1 Bg5 21.
Nxg5 R8xg5 22. Qxf7 1-0

[Event "Festival A"]
[Site "Desenzano del Garda ITA"]
[Date "2009.06.10"]
[Round "5"]
[White "Tocchioni, Doriano"]
[Black "Brunello, Sabino"]
[Result "0-1"]
[WhiteElo "2321"]
[BlackElo "2477"]
[PlyCount "126"]
[EventDate "2009.06.06"]

1. d4 Nf6 2. Nf3 e6 3. Bg5 h6 4. Bh4 c5 5. e3 Nc6 6. Nbd2 g5 7. Bg3 g4 8. Ne5
cxd4 9. exd4 Nxd4 10. c3 Nf5 11. Nxg4 Nxg3 12. hxg3 Rg8 13. Be2 Nxg4 14. Bxg4
b5 15. Qf3 d5 16. Bh5 Qc7 17. Rh4 Rg7 18. Rf4 b4 19. cxb4 Rb8 20. Qc3 Qxc3 21.
bxc3 Bd6 22. Rf3 Ke7 23. O-O-O e5 24. Nb3 Be6 25. Na5 Rc8 26. Kb2 f5 27. Nb7
Bb8 28. Nc5 e4 29. Re3 f4 30. gxf4 Bxf4 31. Nxe6 Kxe6 32. Re2 Rxg2 33. Rc2 Be5
34. Kb3 Rf8 35. Rdd2 Rg5 36. Be2 h5 37. Bb5 Rf3 38. Bc6 Bg7 39. Rd1 h4 40. Bb7
Kd6 41. Rh1 Rg4 42. a4 h3 43. a5 Be5 44. Rcc1 h2 45. Rhd1 Rd3 46. Rh1 Rg7 47.
Ba6 Rf3 48. Ka4 Rxf2 49. c4 dxc4 50. Bxc4 Bd4 51. Rce1 Ke5 52. Bd3 Rg4 53. Kb5
Rb2 54. Kc4 Bg1 55. Be2 Rg3 56. Bd1 Bd4 57. Ba4 Rc3+ 58. Kb5 Bc5 59. Ka6 Bxb4
60. Kxa7 Bxa5 61. Ka6 Bd8 62. Rd1 Bh4 63. Rd7 Ra3 0-1

[Event "Festival A"]
[Site "Desenzano del Garda ITA"]
[Date "2009.06.10"]
[Round "5"]
[White "Valsecchi, Alessio"]
[Black "Drazic, Sinisa"]
[Result "1-0"]
[WhiteElo "2363"]
[BlackElo "2533"]
[PlyCount "83"]
[EventDate "2009.06.06"]

1. e4 e6 2. d4 d5 3. Nc3 Nf6 4. Bg5 Be7 5. e5 Nfd7 6. h4 Bxg5 7. hxg5 Qxg5 8.
Nh3 Qe7 9. Qg4 f5 10. Qg3 Nc6 11. Nf4 Nf8 12. O-O-O Qf7 13. Be2 Bd7 14. Ncxd5
exd5 15. c4 dxc4 16. e6 Bxe6 17. d5 O-O-O 18. dxc6 Ng6 19. Qe3 Bd5 20. Nxd5
Rxd5 21. Qxa7 bxc6 22. Bf3 Kd7 23. Bxd5 cxd5 24. Qa4+ c6 25. Qa7+ Ke6 26. Rde1+
Kf6 27. Qd4+ Kg5 28. f4+ Nxf4 29. Qe3 h5 30. Qg3+ Kf6 31. Qxf4 Ra8 32. Qd6+ Kg5
33. Re3 g6 34. Qg3+ Kh6 35. Qf4+ Kg7 36. Qg5 Rxa2 37. Rxh5 Ra1+ 38. Kc2 Ra7 39.
Qh6+ Kf6 40. Qh8+ Qg7 41. Qd8+ Kf7 42. Qe8+ 1-0

[Event "Festival A"]
[Site "Desenzano del Garda ITA"]
[Date "2009.06.10"]
[Round "5"]
[White "Vezzani, Stefano"]
[Black "Chiodini, Pietro"]
[Result "1-0"]
[WhiteElo "2176"]
[BlackElo "1816"]
[PlyCount "43"]
[EventDate "2009.06.06"]

1. Nf3 d5 2. b3 Nf6 3. Bb2 e6 4. e3 Be7 5. Be2 Nbd7 6. d3 c5 7. O-O Qc7 8. c4
Nf8 9. Nc3 Ng6 10. Rc1 b6 11. cxd5 exd5 12. b4 a6 13. bxc5 bxc5 14. Na4 Nd7 15.
d4 c4 16. e4 Bb7 17. exd5 Bxd5 18. Bxc4 Bxc4 19. Nd2 O-O 20. Nxc4 Qf4 21. g3
Qg5 22. f4 1-0

[Event "Festival A"]
[Site "Desenzano del Garda ITA"]
[Date "2009.06.10"]
[Round "5"]
[White "Vocaturo, Daniele"]
[Black "Sulava, Nenad"]
[Result "0-1"]
[WhiteElo "2480"]
[BlackElo "2521"]
[PlyCount "62"]
[EventDate "2009.06.06"]

1. e4 e5 2. Nf3 Nc6 3. Bb5 Nf6 4. Qe2 Bc5 5. c3 O-O 6. d3 d6 7. Bg5 h6 8. Bh4
g5 9. Nxg5 hxg5 10. Bxg5 Kg7 11. Qf3 Be6 12. Nd2 Nb8 13. d4 exd4 14. b4 dxc3
15. Qxc3 Bb6 16. f4 c6 17. Rf1 cxb5 18. e5 dxe5 19. fxe5 Qd4 20. Bxf6+ Kh7 21.
Qc2+ Kg8 22. Rf3 Bg4 23. Rd1 Nc6 24. Nf1 Qxb4+ 25. Rd2 Nd4 26. Qd3 Rfc8 27. Ne3
Bxf3 28. a3 Rc1+ 29. Kf2 Qxd2+ 30. Qxd2 Rc2 31. Nxc2 Nb3+ 0-1

[Event "Festival A"]
[Site "Desenzano del Garda ITA"]
[Date "2009.06.10"]
[Round "5"]
[White "Zacco, Remo"]
[Black "Naumkin, Igor"]
[Result "0-1"]
[WhiteElo "1940"]
[BlackElo "2488"]
[PlyCount "76"]
[EventDate "2009.06.06"]

1. Nf3 e6 2. c4 f5 3. d4 Nf6 4. Nc3 Bb4 5. Bd2 O-O 6. g3 b6 7. Bg2 Bb7 8. O-O
a5 9. Bg5 Bxc3 10. bxc3 Qe8 11. Bxf6 Rxf6 12. Re1 d6 13. Rb1 Be4 14. Rb2 Nd7
15. e3 Rh6 16. Nd2 Bxg2 17. Kxg2 Nf6 18. h3 e5 19. Qf3 e4 20. Qd1 Qd7 21. Rh1
Re8 22. Nf1 g5 23. f3 Qf7 24. Rb5 Qxc4 25. Rxf5 Qxa2+ 26. Kg1 Rg6 27. Rh2 Qc4
28. fxe4 Nxe4 29. Qf3 Qxc3 30. Re2 a4 31. g4 a3 32. Qg2 Qb3 33. Rc2 c5 34. dxc5
dxc5 35. Qe2 a2 36. Rxa2 Nc3 37. Qd2 Nxa2 38. Qd7 Qe6 0-1

[Event "Festival A"]
[Site "Desenzano del Garda ITA"]
[Date "2009.06.11"]
[Round "6"]
[White "Astengo, Marcello"]
[Black "Zacco, Remo"]
[Result "0-1"]
[WhiteElo "2114"]
[BlackElo "1940"]
[PlyCount "74"]
[EventDate "2009.06.06"]

1. d4 Nf6 2. c4 e6 3. Nc3 Bb4 4. Qc2 c5 5. dxc5 Bxc5 6. Nf3 Nc6 7. Bg5 Be7 8.
e4 d6 9. O-O-O Qa5 10. Kb1 a6 11. Be2 O-O 12. h3 b5 13. Bf4 Nb4 14. Qb3 bxc4
15. Qxc4 Bb7 16. a3 Nc6 17. Bxd6 Bxd6 18. Rxd6 Rfc8 19. Rhd1 Rab8 20. Qd3 g6
21. Qe3 Ba8 22. Ka1 Ne7 23. Rxa6 Qc7 24. Ra7 Bb7 25. Nd4 Qe5 26. f3 Qc5 27. Nc2
Qe5 28. Nb4 Nc6 29. Nxc6 Bxc6 30. Ka2 Nd5 31. Qd4 Nxc3+ 32. bxc3 Qf4 33. Qd6
Qe3 34. Qd4 Qxe2+ 35. Rd2 Qb5 36. Qb4 Qg5 37. Qd4 Rd8 0-1

[Event "Festival A"]
[Site "Desenzano del Garda ITA"]
[Date "2009.06.11"]
[Round "6"]
[White "Bodiroga, Predrag"]
[Black "Dinter, Brian"]
[Result "1/2-1/2"]
[WhiteElo "2422"]
[BlackElo "2130"]
[PlyCount "21"]
[EventDate "2009.06.06"]

1. d4 d5 2. c4 c6 3. Nc3 Nf6 4. Nf3 dxc4 5. a4 Bf5 6. e3 e6 7. Bxc4 Bb4 8. O-O
Nbd7 9. Qe2 Bg6 10. e4 O-O 11. e5 1/2-1/2